Memoria del primer congreso eucarístico argentino: con aprobación de la autoridad eclesiástica

Spremljeno u:
Bibliografski detalji
Format: Knjiga
Jezik:španjolski
Izdano: Buenos Aires R. Herrando 1900
Teme:
Oznake: Dodaj oznaku
Bez oznaka, Budi prvi tko označuje ovaj zapis!

MARC

LEADER 00000nam a2200000 a 4500
001 UCL1036
003 CL-VaPUC
008 030829e19000000AG |||||||||||||||||spa|d
082 0 4 |a 274.982  |b MEM  |2 21 
245 1 0 |a Memoria del primer congreso eucarístico argentino: con aprobación de la autoridad eclesiástica 
300 |a 270 p 
942 |c BK 
945 |d 20030829 00:00:00  |a rbrito 
260 |a Buenos Aires  |b R. Herrando  |c 1900 
650 0 |a Derecho eclesiástico  |9 255055 
650 0 |a Congresos  |9 257560 
651 0 |a Argentina  |9 254888 
583 |a last modification  |c 20030829 00:00:00  |k Rodrigo Vera 
999 |c 304722  |d 304720 
952 |0 0  |1 0  |4 0  |6 274_982000000000000_MEM_1900  |7 0  |8 P  |9 367402  |a BIBTEO  |b BIBTES  |c TEO_FTES  |d 2019-11-21  |i 2071371  |o 274.982 MEM 1900  |p 2071371  |r 2024-01-18  |w 2019-11-21  |y BK  |k ICR